| 000 | 00588nam a22001937a 4500 | ||
|---|---|---|---|
| 003 | DO-SdBNP | ||
| 005 | 20210823175705.0 | ||
| 008 | 210823b 2018 dr00| 0 eng d | ||
| 020 | _a9789945609745 | ||
| 040 |
_aDO-SdBNP _bspa _cBNPHU |
||
| 100 | 1 | _4Cordero, Miguel, Angel | |
| 245 |
_aLa profecía : _bel destino de Israel / _cMiguel Ángel Cordero ; prólogo Manuel Lucas Matheu |
||
| 260 |
_aSanto Domingo : _bSantuario, _c2018. |
||
| 300 |
_a195 p. ; _c23 cm. |
||
| 590 | _aInventariado, 2021/BT | ||
| 700 | 1 |
_aMatheu, Manuel Lucas, _epról. _979539 |
|
| 910 | _aBtavárez | ||
| 942 |
_2ddc _cLBS1 |
||
| 999 |
_c50251 _d50251 |
||